000 01391nam a2200241 a 4500
001 000327603
003 AM-YeHGA
005 20250618072047.0
008 040415s1979 ai 000 | arm d
040 _aAM-YeHGA
041 0 _aarm
100 1 _aԳրիգորյան, Քնարիկ Գրիգորի.
245 1 0 _aՍովետական Հայաստանի կոլտնտեսային գյուղացիությունը Հայրենական Մեծ պատերազմի տարիներին (1941-1945) =
_bКолхозное крестьянство Cоветской Армении в годы Великой Отечественной войны (1941-1945) /
_cՔ. Գրիգորյան; ՀՍՍՀ ԳԱ Պատմ. ին-տ; Պատ. խմբ.՝ Գ.Մ. Գեղամյան.
246 3 1 _aКолхозное крестьянство Cоветской Армении в годы Великой Отечественной войны (1941-1945)
260 _aԵրևան :
_bՀՍՍՀ ԳԱ հրատ.,
_c1979.
300 _a194 էջ ;
_c20 սմ.
504 _aՄատենագիտ. տողատ. ծանոթ.` հայ. և ռուս.
650 1 4 _aՊատմություն
_d1941
650 1 4 _aՀայրենական Մեծ պատերազմ
_9887
700 1 _aԳեղամյան, Գուրգեն Միքայելի,
_d1930-
_eխմբ.
_4edt
_93018
710 2 _aՊատմության ինստիտուտ ՀՍՍՀ ԳԱ
090 _c123707
999 _c122354
_d122354